Cách người Nhật xây dựng mối quan hệ
Saved in:
| Main Author: | |
|---|---|
| Other Authors: | |
| Format: | Book |
| Published: |
Hà Nội
Thế giới
2015
|
| Subjects: | |
| Tags: |
Add Tag
No Tags, Be the first to tag this record!
|
| Institutions: | Trung tâm Học liệu Lê Vũ Hùng, Trường Đại học Đồng Tháp |
|---|
| LEADER | 00795pam a22002418a 4500 | ||
|---|---|---|---|
| 001 | 00042975 | ||
| 005 | 20181031091040.0 | ||
| 008 | 161121s2013 ||||||Viesd | ||
| 020 | # | # | |c 99000 |a 978 604 77 4539 5 |
| 041 | 0 | # | |a Vie |
| 082 | 1 | 4 | |a 302 |b C102NG |
| 100 | 1 | # | |a Kawashita, Kazuhiko |
| 245 | 0 | 0 | |a Cách người Nhật xây dựng mối quan hệ |c Kawashita Kazuhiko; Độc Lập (dịch) |
| 260 | # | # | |a Hà Nội |b Thế giới |c 2015 |
| 300 | # | # | |a 215 tr. |c 21 cm |
| 653 | # | # | |a Mối quan hệ |
| 653 | # | # | |a Nhật Bản |
| 653 | # | # | |a Phương pháp |
| 653 | # | # | |a Xã hội |
| 700 | 1 | # | |a Độc Lập |e (dịch) |
| 852 | # | # | |j KD.0024895 |
| 910 | 0 | # | |d 31/10/2018 |
| 980 | # | # | |a Trung tâm Học liệu Lê Vũ Hùng, Trường Đại học Đồng Tháp |